[Event "Chelyabinskiy variant-A 2021"]
[Site "Chelyabinsk"]
[Date "2021.03.28"]
[Round "6.5"]
[White "Ponkratov, Pavel"]
[Black "Remizov, Yaroslav"]
[Result "1-0"]
[WhiteElo "2619"]
[BlackElo "2411"]
[Annotator "ChessBase"]
[PlyCount "75"]
[EventDate "2021.03.23"]
[EventType "swiss"]
[EventCountry "RUS"]
[SourceTitle "playchess.com"]
[Source "ChessBase"]
[SourceQuality "1"]
[TimeControl "5400+30"]

1. e4 {[%emt 0:00:00]} c6 {[%emt 0:01:11]} 2. d4 {[%emt 0:00:00]} d5 {[%emt 0:00:04]} 3. e5 {[%emt 0:00:00]} c5 {[%emt 0:00:04]} 4. dxc5 {[%emt 0:00:01]} e6 {[%emt 0:00:05]} 5. a3 {[%emt 0:00:04]} Bxc5 {[%emt 0:00:05]} 6. Qg4 {[%emt 0:00:03]} g6 {[%emt 0:03:09]} 7. Nf3 {[%emt 0:04:09]} Nc6 {[%emt 0:06:23]} 8. b4 {[%emt 0:09:11]} Bf8 {[%emt 0:02:58]} 9. Bb2 {[%emt 0:00:11]} h5 {[%emt 0:01:42]} 10. Qg3 {[%emt 0:04:15]} Nh6 {[%emt 0:03:43]} 11. Bd3 {[%emt 0:03:09]} Nf5 {[%emt 0:01:37]} 12. Bxf5 {[%emt 0:15:17]} gxf5 {[%emt 0:00:10]} 13. h4 {[%emt 0:00:05]} a5 {[%emt 0:05:24]} 14. b5 {[%emt 0:00:48]} Ne7 {[%emt 0:00:32]} 15. Nbd2 {[%emt 0:00:48]} Ng6 {[%emt 0:02:36]} 16. c4 {[%emt 0:07:42]} Bh6 {[%emt 0:04:30]} 17. Rd1 {[%emt 0:03:16]} Rg8 {[%emt 0:08:26]} 18. Ng5 {[%emt 0:05:50]} Nxh4 {[%emt 0:09:46]} 19. Qxh4 {[%emt 0:03:00]} Qxg5 {[%emt 0:00:06]} 20. Qxh5 {[%emt 0:03:32]} Qxh5 {[%emt 0:07:42]} 21. Rxh5 {[%emt 0:00:11]} Bxd2+ {[%emt 0:00:23]} 22. Rxd2 {[%emt 0:00:06]} dxc4 {[%emt 0:01:08]} 23. Rh4 {[%emt 0:05:01]} Bd7 {[%emt 0:03:28]} 24. a4 {[%emt 0:00:28]} Rc8 {[%emt 0:09:50]} 25. Bc3 {[%emt 0:04:12]} Rc5 {[%emt 0:01:51]} 26. f3 {[%emt 0:01:45]} Ke7 {[%emt 0:14:00]} 27. Kf2 {[%emt 0:10:56]} Ra8 {[%emt 0:09:43]} 28. Rc2 {[%emt 0:02:32]} Be8 {[%emt 0:02:18]} 29. Bd4 {[%emt 0:00:16]} Rcc8 {[%emt 0:00:37]} 30. Bb2 {[%emt 0:01:51]} b6 {[%emt 0:00:37]} 31. Rd2 {[%emt 0:01:39]} Kf8 {[%emt 0:00:46]} 32. Ba3+ {[%emt 0:00:05]} Kg7 {[%emt 0:00:19]} 33. Be7 {[%emt 0:00:08]} c3 {[%emt 0:00:13]} 34. Bf6+ {[%emt 0:00:05]} Kg6 {[%emt 0:00:03]} 35. Rc2 {[%emt 0:00:39]} Ra7 {[%emt 0:00:55]} 36. g4 {[%emt 0:03:15]} Rd7 {[%emt 0:00:57]} 37. Kg3 {[%emt 0:02:02]} Rd2 {[%emt 0:00:29]} 38. g5 {[%emt 0:00:09]} 1-0

[Event "Chelyabinskiy variant-A 2021"]
[Site "Chelyabinsk"]
[Date "2021.03.28"]
[Round "6.6"]
[White "Lysyj, Igor"]
[Black "Kovalchuk, Alexey"]
[Result "1-0"]
[WhiteElo "2605"]
[BlackElo "2379"]
[Annotator "ChessBase"]
[PlyCount "81"]
[EventDate "2021.03.23"]
[EventType "swiss"]
[EventCountry "RUS"]
[SourceTitle "playchess.com"]
[Source "ChessBase"]
[SourceQuality "1"]
[TimeControl "5400+30"]

1. d4 {[%emt 0:05:11]} Nf6 {[%emt 0:00:00]} 2. c4 {[%emt 0:00:03]} c5 {[%emt 0:00:10]} 3. d5 {[%emt 0:00:04]} b5 {[%emt 0:00:05]} 4. cxb5 {[%emt 0:00:04]} a6 {[%emt 0:00:09]} 5. bxa6 {[%emt 0:00:04]} Bxa6 {[%emt 0:00:28]} 6. Nc3 {[%emt 0:00:11]} d6 {[%emt 0:00:32]} 7. e4 {[%emt 0:00:13]} Bxf1 {[%emt 0:00:10]} 8. Kxf1 {[%emt 0:00:04]} g6 {[%emt 0:00:08]} 9. g3 {[%emt 0:00:05]} Bg7 {[%emt 0:00:05]} 10. Nf3 {[%emt 0:00:13]} Nbd7 {[%emt 0:00:18]} 11. Kg2 {[%emt 0:00:13]} O-O {[%emt 0:00:12]} 12. a4 {[%emt 0:00:09]} Qb6 {[%emt 0:00:28]} 13. Qe2 {[%emt 0:04:05]} Rfb8 {[%emt 0:02:43]} 14. Nb5 {[%emt 0:03:21]} Ne8 {[%emt 0:01:37]} 15. Ra3 {[%emt 0:01:48]} Nc7 {[%emt 0:00:20]} 16. Nxc7 {[%emt 0:00:06]} Qxc7 {[%emt 0:00:06]} 17. b3 {[%emt 0:00:07]} Qa5 {[%emt 0:00:20]} 18. Bd2 {[%emt 0:08:57]} Qa6 {[%emt 0:00:28]} 19. Qxa6 {[%emt 0:02:49]} Rxa6 {[%emt 0:00:10]} 20. a5 {[%emt 0:00:05]} f5 {[%emt 0:15:03]} 21. exf5 {[%emt 0:04:45]} Nf6 {[%emt 0:05:01]} 22. fxg6 {[%emt 0:00:08]} hxg6 {[%emt 0:00:20]} 23. h4 {[%emt 0:01:56]} Nxd5 {[%emt 0:00:37]} 24. h5 {[%emt 0:00:18]} gxh5 {[%emt 0:00:35]} 25. Rxh5 {[%emt 0:00:06]} Nc3 {[%emt 0:04:14]} 26. Be1 {[%emt 0:09:04]} Bf6 {[%emt 0:13:00]} 27. Rf5 {[%emt 0:08:40]} Nb1 {[%emt 0:01:58]} 28. Ra4 {[%emt 0:00:41]} Rxb3 {[%emt 0:00:20]} 29. Ng5 {[%emt 0:05:06]} Kg7 {[%emt 0:19:58]} 30. Ne6+ {[%emt 0:10:35]} Kf7 {[%emt 0:05:12]} 31. Re4 {[%emt 0:05:04]} c4 {[%emt 0:11:39]} 32. Nc7 {[%emt 0:00:35]} Rc6 {[%emt 0:00:56]} 33. Nd5 {[%emt 0:00:08]} Rb7 {[%emt 0:01:17]} 34. a6 {[%emt 0:05:37]} Ra7 {[%emt 0:09:46]} 35. Rxe7+ {[%emt 0:02:50]} Rxe7 {[%emt 0:00:22]} 36. Rxf6+ {[%emt 0:00:14]} Ke8 {[%emt 0:01:21]} 37. Nxe7 {[%emt 0:00:10]} Kxe7 {[%emt 0:00:32]} 38. a7 {[%emt 0:00:16]} Ra6 {[%emt 0:00:18]} 39. Rh6 {[%emt 0:00:20]} c3 {[%emt 0:01:57]} 40. Bxc3 {[%emt 0:00:33]} Nxc3 {[%emt 0:00:12]} 41. Rh8 {[%emt 0:00:03]} 1-0

[Event "Chelyabinskiy variant-A 2021"]
[Site "Chelyabinsk"]
[Date "2021.03.28"]
[Round "6.8"]
[White "Suleymenov, Alisher"]
[Black "Utegaliyev, Azamat"]
[Result "1/2-1/2"]
[WhiteElo "2440"]
[BlackElo "2507"]
[Annotator "ChessBase"]
[PlyCount "111"]
[EventDate "2021.03.23"]
[EventType "swiss"]
[EventCountry "RUS"]
[SourceTitle "playchess.com"]
[Source "ChessBase"]
[SourceQuality "1"]
[TimeControl "5400+30"]

1. d4 {[%emt 0:00:00]} Nf6 {[%emt 0:08:03]} 2. c4 {[%emt 0:00:00]} e6 {[%emt 0:00:05]} 3. Nc3 {[%emt 0:00:17]} Bb4 {[%emt 0:00:28]} 4. f3 {[%emt 0:00:48]} d5 {[%emt 0:00:39]} 5. a3 {[%emt 0:00:05]} Bxc3+ {[%emt 0:00:43]} 6. bxc3 {[%emt 0:00:06]} c6 {[%emt 0:00:14]} 7. e4 {[%emt 0:07:10]} dxe4 {[%emt 0:02:34]} 8. fxe4 {[%emt 0:00:03]} e5 {[%emt 0:00:08]} 9. Nf3 {[%emt 0:00:09]} Qa5 {[%emt 0:02:10]} 10. Bd2 {[%emt 0:04:41]} Nxe4 {[%emt 0:00:48]} 11. Bd3 {[%emt 0:01:24]} Nxd2 {[%emt 0:03:37]} 12. Qxd2 {[%emt 0:00:04]} exd4 {[%emt 0:36:52]} 13. cxd4 {[%emt 0:00:05]} Qxd2+ {[%emt 0:01:10]} 14. Kxd2 {[%emt 0:00:03]} O-O {[%emt 0:07:43]} 15. Rhe1 {[%emt 0:00:03]} Bd7 {[%emt 0:00:04]} 16. c5 {[%emt 0:11:38]} b6 {[%emt 0:04:35]} 17. Bc4 {[%emt 0:09:28]} Be6 {[%emt 0:07:10]} 18. Bxe6 {[%emt 0:16:10]} fxe6 {[%emt 0:00:03]} 19. Rxe6 {[%emt 0:01:06]} bxc5 {[%emt 0:06:20]} 20. Ne5 {[%emt 0:07:49]} a5 {[%emt 0:10:16]} 21. Rb1 {[%emt 0:09:30]} Ra7 {[%emt 0:00:44]} 22. dxc5 {[%emt 0:00:53]} Rc7 {[%emt 0:00:39]} 23. Kc3 {[%emt 0:08:18]} Na6 {[%emt 0:00:56]} 24. Nd3 {[%emt 0:00:05]} Rd8 {[%emt 0:02:44]} 25. Rd6 {[%emt 0:03:54]} Re8 {[%emt 0:00:01]} 26. Kd4 {[%emt 0:07:41]} Nb8 {[%emt 0:00:13]} 27. Ne5 {[%emt 0:01:20]} h6 {[%emt 0:01:33]} 28. h4 {[%emt 0:01:53]} h5 {[%emt 0:02:17]} 29. g3 {[%emt 0:02:37]} Rec8 {[%emt 0:00:15]} 30. Rf1 {[%emt 0:02:02]} Rb7 {[%emt 0:00:27]} 31. Rf5 {[%emt 0:02:20]} Rb3 {[%emt 0:00:14]} 32. g4 {[%emt 0:03:01]} hxg4 {[%emt 0:00:50]} 33. Rf7 {[%emt 0:00:01]} Rf3 {[%emt 0:00:43]} 34. Rb7 {[%emt 0:00:56]} Rf4+ {[%emt 0:00:30]} 35. Ke3 {[%emt 0:00:21]} Rf5 {[%emt 0:00:33]} 36. Ke4 {[%emt 0:00:15]} Rf1 {[%emt 0:00:50]} 37. Rg6 {[%emt 0:01:11]} Re1+ {[%emt 0:00:02]} 38. Kf4 {[%emt 0:00:47]} Rf8+ {[%emt 0:00:09]} 39. Kg3 {[%emt 0:00:23]} Re3+ {[%emt 0:00:38]} 40. Kxg4 {[%emt 0:00:17]} Re4+ {[%emt 0:00:03]} 41. Kh3 {[%emt 0:00:22]} Re3+ {[%emt 0:00:05]} 42. Rg3 {[%emt 0:00:06]} Rxg3+ {[%emt 0:00:04]} 43. Kxg3 {[%emt 0:00:01]} Na6 {[%emt 0:00:05]} 44. Nxc6 {[%emt 0:01:57]} Nxc5 {[%emt 0:00:03]} 45. Rb5 {[%emt 0:00:19]} Ne4+ {[%emt 0:00:29]} 46. Kg4 {[%emt 0:00:13]} a4 {[%emt 0:00:32]} 47. Ne7+ {[%emt 0:00:42]} Kf7 {[%emt 0:00:11]} 48. Nf5 {[%emt 0:00:13]} g6 {[%emt 0:01:19]} 49. Rb7+ {[%emt 0:00:41]} Kf6 {[%emt 0:00:29]} 50. Ne3 {[%emt 0:00:26]} Ke5 {[%emt 0:02:44]} 51. Re7+ {[%emt 0:00:36]} Kd4 {[%emt 0:00:02]} 52. Nc2+ {[%emt 0:00:08]} Kd3 {[%emt 0:00:04]} 53. Ne1+ {[%emt 0:00:45]} Ke3 {[%emt 0:00:36]} 54. Nc2+ {[%emt 0:00:35]} Kd3 {[%emt 0:00:04]} 55. Ne1+ {[%emt 0:00:20]} Ke3 {[%emt 0:00:04]} 56. Nc2+ {[%emt 0:00:40]} 1/2-1/2

[Event "Chelyabinskiy variant-A 2021"]
[Site "Chelyabinsk"]
[Date "2021.03.28"]
[Round "6.9"]
[White "Khanin, Semen"]
[Black "Gutenev, Alexander"]
[Result "1-0"]
[WhiteElo "2506"]
[BlackElo "2451"]
[Annotator "ChessBase"]
[PlyCount "57"]
[EventDate "2021.03.23"]
[EventType "swiss"]
[EventCountry "RUS"]
[SourceTitle "playchess.com"]
[Source "ChessBase"]
[SourceQuality "1"]
[TimeControl "5400+30"]

1. d4 {[%emt 0:00:00]} Nf6 {[%emt 0:04:33]} 2. c4 {[%emt 0:00:00]} g6 {[%emt 0:00:59]} 3. Nc3 {[%emt 0:00:00]} d5 {[%emt 0:00:07]} 4. Nf3 {[%emt 0:00:04]} Bg7 {[%emt 0:00:07]} 5. g3 {[%emt 0:00:04]} O-O {[%emt 0:01:42]} 6. Bg2 {[%emt 0:00:03]} c6 {[%emt 0:02:37]} 7. O-O {[%emt 0:00:05]} dxc4 {[%emt 0:01:12]} 8. e4 {[%emt 0:00:08]} Bg4 {[%emt 0:03:16]} 9. h3 {[%emt 0:00:04]} Bxf3 {[%emt 0:00:18]} 10. Bxf3 {[%emt 0:00:03]} e5 {[%emt 0:02:32]} 11. dxe5 {[%emt 0:00:31]} Nfd7 {[%emt 0:01:31]} 12. e6 {[%emt 0:00:05]} fxe6 {[%emt 0:01:41]} 13. Be3 {[%emt 0:00:33]} b5 {[%emt 0:35:38]} 14. Bg2 {[%emt 0:04:22]} Nb6 {[%emt 0:09:52]} 15. Qe2 {[%emt 0:13:48]} Na6 {[%emt 0:02:04]} 16. a4 {[%emt 0:09:17]} b4 {[%emt 0:05:47]} 17. a5 {[%emt 0:01:36]} bxc3 {[%emt 0:03:45]} 18. axb6 {[%emt 0:00:05]} axb6 {[%emt 0:00:29]} 19. Qxc4 {[%emt 0:01:47]} Nc5 {[%emt 0:06:08]} 20. Rxa8 {[%emt 0:01:58]} Qxa8 {[%emt 0:00:26]} 21. Bxc5 {[%emt 0:00:44]} bxc5 {[%emt 0:00:05]} 22. bxc3 {[%emt 0:00:26]} Qa3 {[%emt 0:01:00]} 23. e5 {[%emt 0:00:23]} Kh8 {[%emt 0:01:12]} 24. f4 {[%emt 0:02:35]} g5 {[%emt 0:00:46]} 25. Kh1 {[%emt 0:09:11]} gxf4 {[%emt 0:00:26]} 26. gxf4 {[%emt 0:01:44]} Bh6 {[%emt 0:02:54]} 27. Qxe6 {[%emt 0:01:00]} Bxf4 {[%emt 0:00:14]} 28. Qe7 {[%emt 0:00:36]} Qa8 {[%emt 0:01:27]} 29. Be4 {[%emt 0:00:06]} 1-0

[Event "Chelyabinskiy variant-A 2021"]
[Site "Chelyabinsk"]
[Date "2021.03.28"]
[Round "6.10"]
[White "Skatchkov, Valery"]
[Black "Demchenko, Anton"]
[Result "0-1"]
[WhiteElo "2283"]
[BlackElo "2610"]
[Annotator "ChessBase"]
[PlyCount "148"]
[EventDate "2021.03.23"]
[EventType "swiss"]
[EventCountry "RUS"]
[SourceTitle "playchess.com"]
[Source "ChessBase"]
[SourceQuality "1"]
[TimeControl "5400+30"]

1. d4 {[%emt 0:00:00]} Nf6 {[%emt 0:00:00]} 2. c4 {[%emt 0:00:00]} g6 {[%emt 0:00:45]} 3. Nc3 {[%emt 0:00:00]} Bg7 {[%emt 0:00:07]} 4. e4 {[%emt 0:00:00]} d6 {[%emt 0:00:07]} 5. h3 {[%emt 0:00:00]} e5 {[%emt 0:01:52]} 6. d5 {[%emt 0:13:18]} Na6 {[%emt 0:01:10]} 7. b4 {[%emt 0:07:03]} O-O {[%emt 0:01:12]} 8. a3 {[%emt 0:00:02]} c6 {[%emt 0:11:26]} 9. Be3 {[%emt 0:01:14]} Nc7 {[%emt 0:15:17]} 10. g4 {[%emt 0:02:29]} Nfe8 {[%emt 0:01:34]} 11. Qd2 {[%emt 0:01:10]} cxd5 {[%emt 0:01:38]} 12. cxd5 {[%emt 0:00:28]} f5 {[%emt 0:00:04]} 13. gxf5 {[%emt 0:04:42]} gxf5 {[%emt 0:00:16]} 14. exf5 {[%emt 0:00:05]} Bxf5 {[%emt 0:01:50]} 15. Nge2 {[%emt 0:11:51]} Nf6 {[%emt 0:00:59]} 16. Ng3 {[%emt 0:00:51]} Qd7 {[%emt 0:00:04]} 17. Nxf5 {[%emt 0:16:05]} Qxf5 {[%emt 0:00:03]} 18. Rg1 {[%emt 0:01:14]} Kh8 {[%emt 0:01:51]} 19. h4 {[%emt 0:03:51]} a6 {[%emt 0:17:33]} 20. Rc1 {[%emt 0:19:27]} Rae8 {[%emt 0:02:40]} 21. Be2 {[%emt 0:01:05]} Qh3 {[%emt 0:07:24]} 22. h5 {[%emt 0:07:27]} Rg8 {[%emt 0:14:36]} 23. Kd1 {[%emt 0:01:53]} Qf5 {[%emt 0:03:11]} 24. Rg5 {[%emt 0:00:16]} Qd7 {[%emt 0:00:45]} 25. Kc2 {[%emt 0:00:17]} Rgf8 {[%emt 0:02:21]} 26. Rg2 {[%emt 0:02:57]} Nxh5 {[%emt 0:03:20]} 27. Rcg1 {[%emt 0:01:49]} Re7 {[%emt 0:01:34]} 28. Bg4 {[%emt 0:02:55]} Qe8 {[%emt 0:00:18]} 29. Kb3 {[%emt 0:00:07]} Nf4 {[%emt 0:01:09]} 30. Rh2 {[%emt 0:00:17]} Qf7 {[%emt 0:01:19]} 31. Bf3 {[%emt 0:00:04]} Ne8 {[%emt 0:04:25]} 32. Ne4 {[%emt 0:00:48]} Qxd5+ {[%emt 0:01:10]} 33. Qxd5 {[%emt 0:00:04]} Nxd5 {[%emt 0:00:02]} 34. Ng5 {[%emt 0:00:22]} Nxe3 {[%emt 0:03:14]} 35. Nxh7 {[%emt 0:00:21]} Nf1 {[%emt 0:00:01]} 36. Nxf8+ {[%emt 0:00:39]} Nxh2 {[%emt 0:00:02]} 37. Ng6+ {[%emt 0:00:12]} Kh7 {[%emt 0:00:01]} 38. Be4 {[%emt 0:01:42]} Rc7 {[%emt 0:00:13]} 39. Rh1 {[%emt 0:01:33]} Nf6 {[%emt 0:00:33]} 40. Rxh2+ {[%emt 0:00:17]} Kg8 {[%emt 0:00:06]} 41. Bf5 {[%emt 0:00:05]} Kf7 {[%emt 0:00:25]} 42. Nh4 {[%emt 0:00:32]} e4 {[%emt 0:00:38]} 43. Bg6+ {[%emt 0:00:50]} Ke6 {[%emt 0:00:02]} 44. Rg2 {[%emt 0:00:58]} d5 {[%emt 0:01:40]} 45. Nf5 {[%emt 0:00:29]} Ke5 {[%emt 0:00:31]} 46. Nxg7 {[%emt 0:00:13]} Rxg7 {[%emt 0:00:05]} 47. Bxe4 Rc7 {[%emt 0:01:30]} 48. Bc2 {[%emt 0:00:28]} Kf4 {[%emt 0:01:10]} 49. Rg3 {[%emt 0:01:13]} Ne4 {[%emt 0:01:23]} 50. Rd3 {[%emt 0:00:03]} Rd7 {[%emt 0:00:19]} 51. Bd1 {[%emt 0:01:06]} Ke5 {[%emt 0:00:01]} 52. f3 {[%emt 0:00:13]} Ng5 {[%emt 0:00:27]} 53. Kc3 {[%emt 0:00:13]} d4+ {[%emt 0:00:45]} 54. Kd2 {[%emt 0:00:11]} Ne6 {[%emt 0:00:07]} 55. Rb3 {[%emt 0:00:12]} Rh7 {[%emt 0:00:20]} 56. Bc2 {[%emt 0:00:33]} Rh2+ {[%emt 0:00:10]} 57. Kd1 {[%emt 0:00:08]} Rh1+ {[%emt 0:01:40]} 58. Kd2 {[%emt 0:00:05]} Rh2+ {[%emt 0:00:03]} 59. Kd1 {[%emt 0:00:03]} Nc7 {[%emt 0:00:38]} 60. Be4 {[%emt 0:01:13]} Nd5 {[%emt 0:00:05]} 61. Kc1 {[%emt 0:01:12]} b6 {[%emt 0:00:51]} 62. Bd3 {[%emt 0:01:20]} b5 {[%emt 0:00:20]} 63. Rb2 {[%emt 0:00:24]} Rh1+ {[%emt 0:00:08]} 64. Kc2 {[%emt 0:00:03]} Ne3+ {[%emt 0:01:01]} 65. Kb3 {[%emt 0:00:13]} Rc1 {[%emt 0:00:06]} 66. Rd2 {[%emt 0:00:31]} Rc3+ {[%emt 0:00:55]} 67. Kb2 {[%emt 0:00:06]} Nc4+ {[%emt 0:00:17]} 68. Bxc4 {[%emt 0:00:03]} bxc4 {[%emt 0:00:04]} 69. f4+ {[%emt 0:00:46]} Ke4 {[%emt 0:00:19]} 70. f5 {[%emt 0:00:11]} Rf3 {[%emt 0:00:45]} 71. Re2+ {[%emt 0:00:24]} Kd5 {[%emt 0:00:24]} 72. Re6 {[%emt 0:00:15]} Rxf5 {[%emt 0:00:10]} 73. Rxa6 {[%emt 0:00:02]} Rf2+ {[%emt 0:00:05]} 74. Kc1 {[%emt 0:00:02]} c3 {[%emt 0:00:20]} 0-1

[Event "Chelyabinskiy variant-A 2021"]
[Site "Chelyabinsk"]
[Date "2021.03.28"]
[Round "6.11"]
[White "Petrov, Nikita"]
[Black "Simantsev, Mikhail"]
[Result "1-0"]
[WhiteElo "2571"]
[BlackElo "2389"]
[Annotator "ChessBase"]
[PlyCount "83"]
[EventDate "2021.03.23"]
[EventType "swiss"]
[EventCountry "RUS"]
[SourceTitle "playchess.com"]
[Source "ChessBase"]
[SourceQuality "1"]
[TimeControl "5400+30"]

1. d4 {[%emt 0:00:00]} Nf6 {[%emt 0:03:32]} 2. c4 {[%emt 0:00:00]} e6 {[%emt 0:00:50]} 3. Nf3 {[%emt 0:00:16]} b6 {[%emt 0:00:23]} 4. g3 {[%emt 0:00:57]} Bb7 {[%emt 0:03:53]} 5. Bg2 {[%emt 0:00:19]} Be7 {[%emt 0:00:02]} 6. Nc3 {[%emt 0:00:32]} Ne4 {[%emt 0:02:30]} 7. Bd2 {[%emt 0:00:10]} O-O {[%emt 0:10:15]} 8. O-O {[%emt 0:05:00]} f5 {[%emt 0:11:08]} 9. Ne5 {[%emt 0:03:00]} Nxc3 {[%emt 0:16:13]} 10. Bxc3 {[%emt 0:00:07]} Bxg2 {[%emt 0:00:04]} 11. Kxg2 {[%emt 0:00:06]} Bf6 {[%emt 0:08:45]} 12. Qd3 {[%emt 0:06:13]} Nc6 {[%emt 0:08:39]} 13. Nxc6 {[%emt 0:07:46]} dxc6 {[%emt 0:00:20]} 14. Rad1 {[%emt 0:01:38]} Qd7 {[%emt 0:00:43]} 15. e4 {[%emt 0:07:45]} Rad8 {[%emt 0:00:26]} 16. Qe2 {[%emt 0:03:04]} Rfe8 {[%emt 0:02:31]} 17. Rfe1 {[%emt 0:05:37]} g6 {[%emt 0:06:59]} 18. h4 {[%emt 0:03:43]} h5 {[%emt 0:06:11]} 19. Qf3 {[%emt 0:03:47]} Bg7 {[%emt 0:03:26]} 20. e5 {[%emt 0:09:56]} b5 {[%emt 0:05:17]} 21. b3 {[%emt 0:02:09]} bxc4 {[%emt 0:02:17]} 22. bxc4 {[%emt 0:00:05]} Bh6 {[%emt 0:04:29]} 23. Bb4 {[%emt 0:03:18]} Bf8 {[%emt 0:00:49]} 24. Bd2 {[%emt 0:03:40]} Rb8 {[%emt 0:00:36]} 25. Bc3 {[%emt 0:10:42]} Bb4 {[%emt 0:01:39]} 26. Re3 {[%emt 0:05:20]} Bxc3 {[%emt 0:00:22]} 27. Rxc3 {[%emt 0:00:05]} Red8 {[%emt 0:00:25]} 28. Ra3 {[%emt 0:01:18]} Rb4 {[%emt 0:00:15]} 29. Qc3 {[%emt 0:01:03]} Rb7 {[%emt 0:00:01]} 30. Ra5 {[%emt 0:00:41]} Rf8 {[%emt 0:01:19]} 31. Qf3 {[%emt 0:00:48]} Rb4 {[%emt 0:00:32]} 32. Rc5 {[%emt 0:00:20]} Rb6 {[%emt 0:00:02]} 33. a4 {[%emt 0:00:45]} Ra6 {[%emt 0:00:34]} 34. a5 {[%emt 0:00:17]} Kg7 {[%emt 0:00:43]} 35. d5 {[%emt 0:01:50]} cxd5 {[%emt 0:00:35]} 36. cxd5 {[%emt 0:00:05]} Rf7 {[%emt 0:00:40]} 37. Qc3 {[%emt 0:02:00]} Kh7 {[%emt 0:00:31]} 38. Qc4 {[%emt 0:00:49]} Qc8 {[%emt 0:00:29]} 39. d6 {[%emt 0:01:32]} Qb7+ {[%emt 0:00:08]} 40. Kg1 {[%emt 0:00:35]} cxd6 {[%emt 0:00:01]} 41. exd6 {[%emt 0:00:16]} f4 {[%emt 0:01:22]} 42. Rc7 1-0

[Event "Chelyabinskiy variant-A 2021"]
[Site "Chelyabinsk"]
[Date "2021.03.28"]
[Round "6.12"]
[White "Kardashevskiy, Evgeny"]
[Black "Aleksandrov, Aleksej"]
[Result "1/2-1/2"]
[WhiteElo "2427"]
[BlackElo "2563"]
[Annotator "TA"]
[PlyCount "30"]
[EventDate "2021.03.23"]
[EventType "swiss"]
[EventCountry "RUS"]
[SourceTitle "playchess.com"]
[Source "ChessBase"]
[SourceQuality "1"]

{[%evp 12,17,22,20,13,11,8,18]} 1. d4 Nf6 2. c4 e6 3. Nf3 d5 4. Nc3 Bb4 5. Qa4+ Nc6 6. e3 O-O 7. Bd2 {The position is equal.} dxc4 {D38: Queen's Gambit Declined: Ragozin Defence (4 Nf3 Bb4).} 8. Bxc4 Bd6 9. Qc2 $1 {[#] A rather calm draw. Not enough moves 9.Qc2 scores better than 9.Nb5.} {Predecessor:} e5 $146 10. dxe5 Nxe5 11. Nxe5 Bxe5 12. f4 Bxc3 13. Bxc3 Ng4 14. Bd4 c5 15. Bxc5 Re8 {0-1 (40) Andreikin,D (2726)-Vidit,S (2726) Chess.com INT 2020} 1/2-1/2

[Event "Chelyabinskiy variant-A 2021"]
[Site "Chelyabinsk"]
[Date "2021.03.28"]
[Round "6.13"]
[White "Kotsur, Pavel"]
[Black "Garifullina, Leya"]
[Result "0-1"]
[WhiteElo "2517"]
[BlackElo "2375"]
[Annotator "ChessBase"]
[PlyCount "79"]
[EventDate "2021.03.23"]
[EventType "swiss"]
[EventCountry "RUS"]
[SourceTitle "playchess.com"]
[Source "ChessBase"]
[SourceQuality "1"]
[TimeControl "5400+30"]

1. Nf3 {[%emt 0:00:00]} Nf6 {[%emt 0:00:00]} 2. c4 {[%emt 0:01:14]} e6 {[%emt 0:00:05]} 3. d4 {[%emt 0:03:52]} d5 {[%emt 0:01:34]} 4. Bg5 {[%emt 0:13:15]} dxc4 {[%emt 0:06:19]} 5. Nc3 {[%emt 0:05:34]} Bb4 {[%emt 0:04:26]} 6. Qa4+ {[%emt 0:12:54]} Nc6 {[%emt 0:00:09]} 7. e3 {[%emt 0:00:02]} Bd7 {[%emt 0:01:05]} 8. Qc2 {[%emt 0:00:04]} b5 {[%emt 0:00:50]} 9. Be2 {[%emt 0:03:02]} Rb8 {[%emt 0:04:46]} 10. O-O {[%emt 0:06:00]} Be7 {[%emt 0:05:33]} 11. Rad1 {[%emt 0:10:01]} h6 {[%emt 0:04:27]} 12. Bxf6 {[%emt 0:00:57]} Bxf6 {[%emt 0:00:09]} 13. Ne4 {[%emt 0:00:10]} Be7 {[%emt 0:03:06]} 14. a3 {[%emt 0:07:41]} Qc8 {[%emt 0:05:29]} 15. Nfd2 {[%emt 0:04:19]} O-O {[%emt 0:06:14]} 16. f4 {[%emt 0:00:12]} f5 {[%emt 0:05:59]} 17. Nc3 {[%emt 0:08:21]} Bd6 {[%emt 0:07:16]} 18. g3 {[%emt 0:03:23]} Be8 {[%emt 0:07:43]} 19. Bf3 {[%emt 0:03:19]} a5 {[%emt 0:06:15]} 20. Rfe1 {[%emt 0:06:31]} Qa6 {[%emt 0:04:02]} 21. d5 {[%emt 0:01:44]} exd5 {[%emt 0:03:15]} 22. Nxd5 {[%emt 0:00:04]} Kh8 {[%emt 0:03:37]} 23. Kg2 {[%emt 0:00:34]} Bd7 {[%emt 0:01:46]} 24. Nf1 {[%emt 0:02:21]} Be6 {[%emt 0:02:43]} 25. e4 {[%emt 0:00:43]} Qa7 {[%emt 0:01:37]} 26. exf5 {[%emt 0:02:07]} Bxf5 {[%emt 0:00:13]} 27. Be4 {[%emt 0:00:27]} Bg4 {[%emt 0:00:49]} 28. Rd2 {[%emt 0:00:03]} Nd4 {[%emt 0:00:30]} 29. Qc3 {[%emt 0:00:07]} Nb3 {[%emt 0:00:35]} 30. Rf2 {[%emt 0:02:07]} Rbe8 {[%emt 0:02:05]} 31. f5 {[%emt 0:02:13]} Qd4 {[%emt 0:02:38]} 32. Qxd4 {[%emt 0:01:02]} Nxd4 {[%emt 0:00:03]} 33. f6 {[%emt 0:00:41]} Bf5 {[%emt 0:01:31]} 34. fxg7+ {[%emt 0:00:19]} Kxg7 {[%emt 0:00:04]} 35. Nd2 {[%emt 0:00:03]} Nb3 {[%emt 0:01:05]} 36. Ree2 {[%emt 0:01:53]} Nxd2 {[%emt 0:00:31]} 37. Bxf5 {[%emt 0:00:03]} Rxe2 {[%emt 0:00:05]} 38. Rxe2 {[%emt 0:00:05]} Nb3 {[%emt 0:01:32]} 39. Bd7 {[%emt 0:01:24]} Rd8 {[%emt 0:01:29]} 40. Bg4 {[%emt 0:01:09]} 0-1